| 000 | 00887cam a22002893a 4500 | ||
|---|---|---|---|
| 001 | 41481 | ||
| 003 | PGUSA | ||
| 005 | 20140828083931.0 | ||
| 008 | 121125s2012||||xxu|||||s|||||000 | eng d | ||
| 040 |
_aPGUSA _beng |
||
| 042 | _adc | ||
| 245 | 1 | 0 |
_aAstounding Stories of Super-Science January 1930 _h[electronic resource] |
| 260 |
_bProject Gutenberg, _c2012 |
||
| 506 | _aPublic domain in the USA. | ||
| 516 | _aElectronic text | ||
| 700 | 1 |
_aMeek, S. P. _q(Sterner St. Paul), _d1894-1972 |
|
| 700 | 1 |
_aPelcher, Anthony, _d1897-1981 |
|
| 700 | 1 |
_aLeinster, Murray, _d1896-1975 |
|
| 700 | 1 |
_aCummings, Ray, _d1887-1957 |
|
| 700 | 1 | _aStaley, M. L. | |
| 700 | 1 |
_aTench, C. V., _d1892-1963 |
|
| 700 | 1 |
_aRousseau, Victor, _d1879-1960 |
|
| 700 | 1 |
_aBates, Harry, _d1900-1981 |
|
| 830 | 0 |
_aProject Gutenberg _v41481 |
|
| 856 | 4 | 0 | _uhttp://www.gutenberg.org/ebooks/41481 |
| 942 | _cEB | ||
| 999 |
_c270733 _d270733 |
||